000 00515nam a22001697a 4500
999 _c60696
_d60696
005 20231010094733.0
008 231010s1960 enk||||| |||| 00| 0 eng d
041 _aeng
080 _a902/904 K-42
100 _aKHAN, DR. F. A.
_920045
245 _aPreliminary Report on Kot Diji Excavations 1957-58 /
_cF. A. KHAN.
264 _aKarachi,
_c1960.
300 _a20 p.:
_bill.;
_c25 cm.
653 _aკოტ დიჯის გათხრები
653 _aარქეოლოგია
942 _2udc
_cBK